International guide to qualifications in education / (Record no. 100784)

MARC details
000 -LEADER
fixed length control field 01125nam a2200289 a 4500
008 - FIXED-LENGTH DATA ELEMENTS--GENERAL INFORMATION
fixed length control field
020 ## - INTERNATIONAL STANDARD BOOK NUMBER
International Standard Book Number 0720120853 (hbk.)
049 ## - LOCAL HOLDINGS (OCLC)
Holding library MAIN
090 ## - LOCALLY ASSIGNED LC-TYPE CALL NUMBER (OCLC); LOCAL CALL NUMBER (RLIN)
Classification number (OCLC) (R) ; Classification number, CALL (RLIN) (NR) REF LB2376.G7 INT
003 - CONTROL NUMBER IDENTIFIER
control field
005 - DATE AND TIME OF LATEST TRANSACTION
control field 20230120191422.0
040 ## - CATALOGING SOURCE
Transcribing agency NUST
245 00 - TITLE STATEMENT
Title International guide to qualifications in education /
Statement of responsibility, etc. the British Council, the National Academic Recognition Information Centre (NARIC) for the United Kingdom.
250 ## - EDITION STATEMENT
Edition statement 3th ed.
260 ## - PUBLICATION, DISTRIBUTION, ETC.
Place of publication, distribution, etc. London ;
-- New York :
Name of publisher, distributor, etc. Mansell,
Date of publication, distribution, etc. 1991.
300 ## - PHYSICAL DESCRIPTION
Extent xIV, 866 p. ;
Dimensions 26 cm.
650 #0 - SUBJECT ADDED ENTRY--TOPICAL TERM
Topical term or geographic name entry element Students, Foreign
Geographic subdivision Great Britain.
650 #0 - SUBJECT ADDED ENTRY--TOPICAL TERM
Topical term or geographic name entry element School credits
General subdivision Standards
-- Evaluation.
650 #0 - SUBJECT ADDED ENTRY--TOPICAL TERM
Topical term or geographic name entry element Universities and colleges
Geographic subdivision Great Britain
General subdivision Entrance requirements.
650 #0 - SUBJECT ADDED ENTRY--TOPICAL TERM
Topical term or geographic name entry element Comparative education.
650 #0 - SUBJECT ADDED ENTRY--TOPICAL TERM
Topical term or geographic name entry element Education
General subdivision Standards.
650 #4 - SUBJECT ADDED ENTRY--TOPICAL TERM
Topical term or geographic name entry element School credits
General subdivision Standards
-- Evaluation.
650 #4 - SUBJECT ADDED ENTRY--TOPICAL TERM
Topical term or geographic name entry element Universities and colleges
Geographic subdivision Great Britain
General subdivision Entrance requirements.
710 2# - ADDED ENTRY--CORPORATE NAME
Corporate name or jurisdiction name as entry element National Academic Recognition Information Centre (Great Britain)
907 ## - LOCAL DATA ELEMENT G, LDG (RLIN)
a .b10224130
b 17-01-07
c 17-01-07
942 ## - ADDED ENTRY ELEMENTS (KOHA)
Koha item type Ordinary Loan Books
Call number prefix REF LB2376.G7 INT
Holdings
Date last seen Total Checkouts Full call number Barcode Cost, replacement price Price effective from Koha item type Lost status Source of classification or shelving scheme Damaged status Not for loan Collection Withdrawn status Home library Current library Shelving location Date acquired Cost, normal purchase price
01/20/2023   REF LB2376.G7 INT 92003021163 80.00 01/20/2023 REF   LCC     NFIC   MAIN MAIN GEN 01/20/2023 80.00